Statistics for Countries with the Highest and Lowest Border/Area Ratios

Click here to take the quiz!

General Stats

  • This quiz has been taken 35 times
  • The average score is 15 of 20

Answer Stats

Border/Area Ratio (km/km^2)Answer% Correct
Lowest0.0011707Russia
97%
Lowest0.0008907Canada
94%
Lowest0.0012632United States
94%
Highest7.2727273Vatican City
91%
Lowest0.0017253Brazil
88%
Highest0.2570513Andorra
85%
Highest0.465Liechtenstein
85%
Highest0.6393443San Marino
85%
Lowest0.0014810Indonesia
82%
Highest0.1388244Luxembourg
82%
Lowest0.0022160Mexico
82%
Highest2.2Monaco
82%
Lowest0.0014821United Kingdom
79%
Highest0.0660885Brunei
68%
Lowest0.0015779Denmark
59%
Highest0.0655157Gambia
59%
Lowest0.0017717Papua New Guinea
59%
Highest0.0643887Kosovo
53%
Lowest0.0020612Saudi Arabia
50%
Highest0.0658018Slovenia
41%

Score Distribution

Percentile by Number Answered

Percent of People with Each Score

Your Score History

You have not taken this quiz